[Event "Benidorm op 24th"]
[Site "Benidorm"]
[Date "2020.10.04"]
[Round "3"]
[White "Martinez Torres, Jose Manuel"]
[Black "Martinez Colomar, Alejandro"]
[Result "1/2-1/2"]
[WhiteElo "1478"]
[BlackElo "1822"]
[PlyCount "228"]
[EventDate "2020.10.02"]
[EventType "tourn"]
[EventRounds "7"]
[EventCountry "ESP"]
[SourceTitle "EXT 2024"]
[Source "ChessBase"]
[SourceDate "2023.10.10"]
[SourceVersion "1"]
[SourceVersionDate "2023.10.10"]
[SourceQuality "1"]

1. d4 Nf6 2. c4 g6 3. Nc3 Bg7 4. e4 d6 5. Bd3 0-0 6. Nge2 e5 7. d5 Na6 8. 0-0 Nh5 9. f3 f5 10. Be3 f4 11. Bf2 g5 12. g4 fxg3 13. Nxg3 Nf4 14. Nce2 Nh3+ 15. Kg2 g4 16. Ng1 gxf3+ 17. Nxf3 Bg4 18. Be3 Nb4 19. Be2 Nf4+ 20. Kh1 Nxe2 21. Qxe2 Nc2 22. Rac1 Nxe3 23. Qxe3 Rf6 24. Kg2 Bxf3+ 25. Rxf3 Bh6 26. Qe1 Rxf3 27. Kxf3 Bxc1 28. Qxc1 Qh4 29. Kg2 Rf8 30. Qe3 b6 31. b4 Qf4 32. Qe2 Rf6 33. a4 Rg6 34. a5 Rg4 35. axb6 axb6 36. c5 bxc5 37. bxc5 dxc5 38. Qc4 Kh8 39. Qa4 Rg8 40. Qc6 Qxe4+ 41. Kh3 Qg4+ 42. Kg2 Qg7 43. Qxc5 Rf8 44. d6 cxd6 45. Qxd6 Qf6 46. Qd2 Qc6+ 47. Kh3 Qf3 48. Qb2 Qf4 49. Qe2 Rf6 50. Qd3 Rh6+ 51. Kg2 Qd4 52. Qf3 Qd2+ 53. Ne2 Rg6+ 54. Kf2 Kg7 55. Qb7+ Kh6 56. Qe4 Rf6+ 57. Kg2 Qg5+ 58. Ng3 Qf4 59. Qe2 Rg6 60. Kh3 Kg7 61. Nh5+ Kf7 62. Nxf4 exf4 63. Qh5 Kg7 64. Qe5+ Rf6 65. Kg2 f3+ 66. Kf2 Kg6 67. h4 h6 68. Qe8+ Kg7 69. h5 Rf7 70. Qe6 Rf6 71. Qe7+ Rf7 72. Qe5+ Rf6 73. Qg3+ Kf7 74. Qe5 Kg7 75. Qc7+ Kf8 76. Qd8+ Kg7 77. Qd4 Kf7 78. Qd7+ Kg8 79. Qd5+ Kg7 80. Qe5 Kf7 81. Qd5+ Kg7 82. Qb7+ Rf7 83. Qb2+ Rf6 84. Qc3 Kf7 85. Qc4+ Kg7 86. Qc7+ Kg8 87. Qd8+ Kg7 88. Qe8 Rf7 89. Kg1 f2+ 90. Kf1 Rf6 91. Qd7+ Kf8 92. Qh7 Ke8 93. Qh8+ Kf7 94. Qc8 Kg7 95. Qd7+ Rf7 96. Qd8 Rf6 97. Qe8 Rf7 98. Qc6 Rf6 99. Qc4 Kf8 100. Qc7 Kg8 101. Qe7 Rf7 102. Qe6 Kg7 103. Qg6+ Kh8 104. Qxh6+ Kg8 105. Qg6+ Kh8 106. h6 Ra7 107. Qf6+ Kg8 108. Qe6+ Kh7 109. Qf5+ Kxh6 110. Qe6+ Kh7 111. Qe4+ Kg8 112. Qd5+ Rf7 113. Qe6 Kg7 114. Qd6 Rf6 1/2-1/2

[Event "ESP-ch FEDC 28th"]
[Site "Ubeda"]
[Date "2019.11.19"]
[Round "1"]
[White "Sanchez Ruiz, Justo"]
[Black "Martinez Colomar, Alejandro"]
[Result "0-1"]
[WhiteElo "1561"]
[BlackElo "1842"]
[PlyCount "72"]
[EventDate "2019.11.19"]
[EventType "swiss"]
[EventRounds "8"]
[EventCountry "ESP"]
[SourceTitle "EXT 2024"]
[Source "ChessBase"]
[SourceDate "2023.10.10"]
[SourceVersion "1"]
[SourceVersionDate "2023.10.10"]
[SourceQuality "1"]

1. e4 c5 2. Nf3 d6 3. d4 cxd4 4. Nxd4 Nf6 5. Nc3 g6 6. Be3 Bg7 7. f3 0-0 8. Qd2 Nc6 9. Bc4 Bd7 10. 0-0-0 Rc8 11. Bb3 Ne5 12. h4 h5 13. Bg5 Nc4 14. Bxc4 Rxc4 15. Rhe1 Qb8 16. Kb1 b5 17. Nb3 Be6 18. f4 Re8 19. Na5 Rxc3 20. bxc3 Qc7 21. Nb3 Ng4 22. Nd4 Bc4 23. f5 Qa5 24. Qf4 Bxa2+ 25. Kc1 Be5 26. Qf3 Rc8 27. fxg6 f6 28. Qf5 Qa3+ 29. Kd2 Qxc3+ 30. Kc1 Qa1+ 31. Kd2 Qxd4+ 32. Ke2 Rxc2+ 33. Rd2 Bc4+ 34. Kd1 Qa1+ 35. Kxc2 Qb2+ 36. Kd1 Qb1# 0-1

[Event "Almunecar FEDC op 23th"]
[Site "Almunecar"]
[Date "2019.10.04"]
[Round "7"]
[White "Martinez Colomar, Alejandro"]
[Black "San Juan Santin, Aaron"]
[Result "1-0"]
[WhiteElo "1855"]
[BlackElo "1405"]
[PlyCount "63"]
[EventDate "2019.09.28"]
[EventType "swiss"]
[EventRounds "7"]
[EventCountry "ESP"]
[SourceTitle "EXT 2024"]
[Source "ChessBase"]
[SourceDate "2023.10.10"]
[SourceVersion "1"]
[SourceVersionDate "2023.10.10"]
[SourceQuality "1"]

1. c4 e5 2. Nc3 Nf6 3. g3 d5 4. cxd5 Nxd5 5. Bg2 Nb6 6. Nf3 Nc6 7. d3 Be7 8. Be3 Be6 9. d4 f6 10. dxe5 fxe5 11. Qxd8+ Rxd8 12. Bxb6 axb6 13. a3 Nd4 14. Nxd4 exd4 15. Nb5 c6 16. Nc7+ Kf7 17. Nxe6 Kxe6 18. 0-0-0 Bf6 19. Rd3 Kd6 20. e4 g5 21. f4 gxf4 22. gxf4 Kc7 23. e5 Bg7 24. Kc2 c5 25. Rg3 Rhg8 26. Bh3 Bh6 27. Rhg1 d3+ 28. Kd1 Rxg3 29. hxg3 Rg8 30. Rg2 Kd8 31. Be6 Rg7 32. Rh2 1-0

[Event "Almunecar FEDC op 23th"]
[Site "Almunecar"]
[Date "2019.09.29"]
[Round "2"]
[White "Mesa Garcia, Angel"]
[Black "Martinez Colomar, Alejandro"]
[Result "1/2-1/2"]
[WhiteElo "1629"]
[BlackElo "1855"]
[PlyCount "142"]
[EventDate "2019.09.28"]
[EventType "swiss"]
[EventRounds "7"]
[EventCountry "ESP"]
[SourceTitle "EXT 2024"]
[Source "ChessBase"]
[SourceDate "2023.10.10"]
[SourceVersion "1"]
[SourceVersionDate "2023.10.10"]
[SourceQuality "1"]

1. d4 Nf6 2. Bf4 g6 3. h3 Bg7 4. e3 d6 5. Nf3 0-0 6. Be2 b6 7. 0-0 Bb7 8. Nbd2 c5 9. c3 Nbd7 10. Qa4 a6 11. Rfe1 Nh5 12. Bh2 b5 13. Qc2 h6 14. a4 Qb6 15. Nh4 Nhf6 16. Nhf3 Rfc8 17. Qb3 Bd5 18. Qc2 Bc6 19. a5 Qb7 20. Rec1 Ne4 21. Ne1 Ndf6 22. Bf3 cxd4 23. exd4 Nxd2 24. Qxd2 Rab8 25. Bxc6 Rxc6 26. Nd3 Qd7 27. Nb4 Rcc8 28. Nxa6 Ra8 29. Nb4 Qd8 30. a6 Nd7 31. Qe2 Rab8 32. Re1 Bf8 33. Qf3 e6 34. Nc6 Rxc6 35. Qxc6 Rb6 36. Qf3 d5 37. Ra2 Qa8 38. Rea1 b4 39. Bc7 Rc6 40. Bg3 b3 41. Ra5 Nb6 42. Rb5 Nc4 43. Qe2 Rxa6 44. Rxa6 Qxa6 45. Rxb3 Bd6 46. Bxd6 Qxd6 47. Rb7 Qa6 48. Rb4 Qa1+ 49. Kh2 Qc1 50. Rb8+ Kg7 51. b3 Qf4+ 52. g3 Qxb8 53. bxc4 Qb3 54. cxd5 exd5 55. Qe5+ Kg8 56. Qe8+ Kg7 57. Qe5+ Kg8 58. Qe3 Kg7 59. g4 Qa2 60. Kg3 Qb3 61. h4 Qa2 62. f4 Qa1 63. h5 gxh5 64. gxh5 Kh7 65. f5 Qh1 66. Qf3 Qc1 67. Kg4 Qg5+ 68. Kh3 Qc1 69. f6 Qg5 70. Qd3+ Kh8 71. Qf3 Kh7 1/2-1/2

[Event "Ibiza Eivissa op 8th"]
[Site "Eivissa"]
[Date "2019.07.20"]
[Round "4"]
[White "Bordes Ibanez, Juan Bautista"]
[Black "Martinez Colomar, Alejandro"]
[Result "1-0"]
[WhiteElo "1951"]
[BlackElo "1853"]
[PlyCount "39"]
[EventDate "2019.07.07"]
[EventType "swiss"]
[EventRounds "7"]
[EventCountry "ESP"]
[SourceTitle "EXT 2020"]
[Source "ChessBase"]
[SourceDate "2019.10.17"]
[SourceVersion "1"]
[SourceVersionDate "2019.10.17"]
[SourceQuality "1"]

1. d4 Nf6 2. c4 e5 3. dxe5 Ng4 4. Nf3 Nc6 5. Bf4 Bb4+ 6. Nbd2 Qe7 7. a3 Ngxe5 8. Nxe5 Nxe5 9. e3 Bxd2+ 10. Qxd2 0-0 11. Be2 d6 12. 0-0 Be6 13. Rac1 Rad8 14. Rfd1 Bc8 15. Qc3 f5 16. c5 g5 17. cxd6 cxd6 18. Bxe5 Qxe5 19. Bc4+ Be6 20. Qxe5 1-0

[Event "ESP-ch FEDC 27th"]
[Site "Almunecar"]
[Date "2018.12.02"]
[Round "7"]
[White "Martinez Colomar, Alejandro"]
[Black "Pichel Jallas, Juan Jose"]
[Result "1-0"]
[WhiteElo "1894"]
[BlackElo "1736"]
[PlyCount "83"]
[EventDate "2018.11.26"]
[EventType "swiss"]
[EventRounds "8"]
[EventCountry "ESP"]
[SourceTitle "EXT 2024"]
[Source "ChessBase"]
[SourceDate "2023.10.10"]
[SourceVersion "1"]
[SourceVersionDate "2023.10.10"]
[SourceQuality "1"]

1. c4 f5 2. Nc3 Nf6 3. g3 e6 4. Bg2 Be7 5. Nf3 0-0 6. 0-0 d6 7. d4 Qe8 8. Qd3 Qh5 9. Bg5 c6 10. Rad1 e5 11. Bxf6 Bxf6 12. dxe5 dxe5 13. Qd6 e4 14. Ne5 Bxe5 15. Qxe5 Qf7 16. b3 Nd7 17. Qc7 Nf6 18. Qxf7+ Kxf7 19. e3 Be6 20. Rd2 Ke7 21. Rfd1 Ng4 22. Ne2 Rad8 23. Rxd8 Rxd8 24. Rxd8 Kxd8 25. Bh3 Ke7 26. Bxg4 fxg4 27. Kf1 Kf6 28. Ke1 g5 29. Kd2 h5 30. Kc3 c5 31. b4 b6 32. Nc1 Ke5 33. Nb3 Kd6 34. b5 Ke5 35. a4 Kd6 36. a5 Kc7 37. a6 Kd6 38. Nd2 Ke5 39. Kb3 Bf7 40. Nb1 Be6 41. Nc3 Bf7 42. Na4 1-0

[Event "ESP-ch FEDC 27th"]
[Site "Almunecar"]
[Date "2018.12.01"]
[Round "6"]
[White "Espadina Solano, Jaime E"]
[Black "Martinez Colomar, Alejandro"]
[Result "1/2-1/2"]
[WhiteElo "1625"]
[BlackElo "1894"]
[PlyCount "51"]
[EventDate "2018.11.26"]
[EventType "swiss"]
[EventRounds "8"]
[EventCountry "ESP"]
[SourceTitle "EXT 2024"]
[Source "ChessBase"]
[SourceDate "2023.10.10"]
[SourceVersion "1"]
[SourceVersionDate "2023.10.10"]
[SourceQuality "1"]

1. e4 c5 2. Nf3 d6 3. g3 Nc6 4. Bg2 g6 5. 0-0 Bg7 6. c3 e5 7. d3 Nge7 8. Nh4 Be6 9. f4 Qd7 10. Na3 f5 11. Bh3 fxe4 12. Bxe6 Qxe6 13. dxe4 exf4 14. Nb5 0-0-0 15. Bxf4 Be5 16. Bxe5 dxe5 17. Qe2 a6 18. Na3 Rd7 19. Qc4 Qd6 20. Qb3 Na5 21. Qa4 Qc7 22. Rad1 Rxd1 23. Rxd1 Nec6 24. Rd5 Qe7 25. Rd1 Rd8 26. Nf3 1/2-1/2

[Event "Almunecar FEDC op 21th"]
[Site "Almunecar"]
[Date "2018.10.08"]
[Round "7"]
[White "Martinez Colomar, Alejandro"]
[Black "Menendez Solar, Jose Carlos"]
[Result "1-0"]
[WhiteElo "1883"]
[BlackElo "1809"]
[PlyCount "107"]
[EventDate "2018.10.02"]
[EventType "swiss"]
[EventRounds "7"]
[EventCountry "ESP"]
[SourceTitle "EXT 2024"]
[Source "ChessBase"]
[SourceDate "2023.10.10"]
[SourceVersion "1"]
[SourceVersionDate "2023.10.10"]
[SourceQuality "1"]

1. c4 g6 2. g3 Bg7 3. Bg2 d6 4. Nc3 c5 5. e4 Nc6 6. Nge2 Nf6 7. 0-0 0-0 8. d3 Ne8 9. f4 f5 10. Be3 Nd4 11. Qd2 Rb8 12. Rab1 Bd7 13. b4 Nxe2+ 14. Nxe2 cxb4 15. Bxa7 Ra8 16. Bf2 Qa5 17. Qxb4 Qxb4 18. Rxb4 Bc6 19. Nc1 Nf6 20. exf5 gxf5 21. h3 Rfb8 22. Re1 Kf7 23. Re2 Nd7 24. Rb1 Nc5 25. Bxc6 bxc6 26. Rxb8 Rxb8 27. Bxc5 dxc5 28. Nb3 Rd8 29. Rd2 Bc3 30. Rd1 Ra8 31. Kf1 Rxa2 32. Nxc5 Bd4 33. Nb3 Be3 34. Ra1 Rf2+ 35. Ke1 Rb2 36. Na5 c5 37. Nc6 Bf2+ 38. Kf1 Bxg3 39. Ra7 Rf2+ 40. Kg1 Re2 41. Ne5+ Rxe5 42. fxe5 Bxe5 43. Kg2 Bd4 44. Ra6 e6 45. Kf3 Kf6 46. Rc6 Bg1 47. Rc7 Kg6 48. Re7 Kf6 49. Rxh7 Kg6 50. Re7 Kf6 51. Re8 e5 52. Rg8 Bd4 53. h4 Kf7 54. Rg2 1-0

[Event "Almunecar FEDC op 21th"]
[Site "Almunecar"]
[Date "2018.10.07"]
[Round "6"]
[White "Delgado Lagares, Francisco Javier"]
[Black "Martinez Colomar, Alejandro"]
[Result "0-1"]
[WhiteElo "1751"]
[BlackElo "1883"]
[PlyCount "78"]
[EventDate "2018.10.02"]
[EventType "swiss"]
[EventRounds "7"]
[EventCountry "ESP"]
[SourceTitle "EXT 2024"]
[Source "ChessBase"]
[SourceDate "2023.10.10"]
[SourceVersion "1"]
[SourceVersionDate "2023.10.10"]
[SourceQuality "1"]

1. e4 c5 2. Nf3 d6 3. d4 cxd4 4. Nxd4 Nf6 5. Nc3 g6 6. h3 Bg7 7. f4 0-0 8. Be3 Nc6 9. Nxc6 bxc6 10. Bd3 Qa5 11. 0-0 Rb8 12. Rb1 Nd7 13. Bd2 Qc7 14. Qf3 Nc5 15. Bc4 Ba6 16. Bxa6 Nxa6 17. b3 Nc5 18. a3 Ne6 19. Ne2 c5 20. Kh1 Qc6 21. Rbe1 Rbc8 22. c3 a5 23. Ng3 Rb8 24. f5 Nc7 25. Rb1 Nb5 26. a4 Na3 27. Rb2 Nc4 28. Rc2 Nxd2 29. Rxd2 Rxb3 30. Ra2 Rxc3 31. Qg4 Qa6 32. Raf2 Qc4 33. fxg6 hxg6 34. Nf5 gxf5 35. Rxf5 Rc1 36. Rxc1 Qxc1+ 37. Kh2 Qh6 38. e5 dxe5 39. Rxe5 Qd6 0-1

[Event "Almunecar FEDC op 21th"]
[Site "Almunecar"]
[Date "2018.10.05"]
[Round "4"]
[White "Merino Gomez, Aurelio"]
[Black "Martinez Colomar, Alejandro"]
[Result "0-1"]
[WhiteElo "1582"]
[BlackElo "1883"]
[PlyCount "86"]
[EventDate "2018.10.02"]
[EventType "swiss"]
[EventRounds "7"]
[EventCountry "ESP"]
[SourceTitle "EXT 2024"]
[Source "ChessBase"]
[SourceDate "2023.10.10"]
[SourceVersion "1"]
[SourceVersionDate "2023.10.10"]
[SourceQuality "1"]

1. Nf3 c5 2. g3 g6 3. Bg2 Bg7 4. d3 Nc6 5. Nbd2 e5 6. e4 Nge7 7. 0-0 0-0 8. c3 d6 9. Qc2 h6 10. Nc4 f5 11. Ne3 f4 12. Nd5 g5 13. b4 g4 14. Nxe7+ Qxe7 15. Nh4 f3 16. Bh1 Kh7 17. b5 Nd8 18. Be3 Bf6 19. Nf5 Bxf5 20. exf5 Qd7 21. Rab1 Qxf5 22. c4 Ne6 23. Rfe1 Bg5 24. Qd2 Bxe3 25. Qxe3 Nd4 26. Qe4 Qxe4 27. Rxe4 Rg8 28. Kf1 h5 29. h4 gxh3 30. Rh4 Kh6 31. Rxh3 Rg4 32. Re1 Kg5 33. Re3 Rf8 34. Re4 Rxe4 35. dxe4 Nc2 36. Rh2 Na3 37. Ke1 Nxc4 38. Kd1 Na3 39. Kd2 Nxb5 40. Ke3 Nd4 41. Rh4 b5 42. Rh3 a5 43. g4 h4 0-1

[Event "Ibiza Eivissa op 7th"]
[Site "Eivissa"]
[Date "2018.07.15"]
[Round "3"]
[White "Martinez Colomar, Alejandro"]
[Black "Vidal Torres, Roberto"]
[Result "1-0"]
[WhiteElo "1894"]
[BlackElo "1555"]
[PlyCount "55"]
[EventDate "2018.07.08"]
[EventType "swiss"]
[EventRounds "7"]
[EventCountry "ESP"]
[SourceTitle "EXT 2019"]
[Source "ChessBase"]
[SourceDate "2018.10.10"]
[SourceVersion "1"]
[SourceVersionDate "2018.10.10"]
[SourceQuality "1"]

1. c4 c5 2. g3 Nf6 3. Bg2 Nc6 4. Nc3 e6 5. e4 d6 6. Nge2 g6 7. 0-0 Bg7 8. d3 0-0 9. h3 a6 10. Be3 Bd7 11. f4 Qc8 12. Kh2 Nh5 13. g4 Nf6 14. Ng3 Nd4 15. Rb1 b5 16. Nce2 e5 17. f5 bxc4 18. g5 Nh5 19. Nxh5 gxh5 20. f6 Bh8 21. Nc3 Ne6 22. Nd5 Re8 23. Nb6 Qc7 24. Nxa8 Rxa8 25. dxc4 Nf4 26. Bxf4 exf4 27. e5 dxe5 28. Bxa8 1-0

[Event "Ibiza Eivissa op 7th"]
[Site "Eivissa"]
[Date "2018.07.14"]
[Round "2"]
[White "Angola Canchimbo, Elmer"]
[Black "Martinez Colomar, Alejandro"]
[Result "0-1"]
[WhiteElo "1508"]
[BlackElo "1894"]
[PlyCount "71"]
[EventDate "2018.07.08"]
[EventType "swiss"]
[EventRounds "7"]
[EventCountry "ESP"]
[SourceTitle "EXT 2019"]
[Source "ChessBase"]
[SourceDate "2018.10.10"]
[SourceVersion "1"]
[SourceVersionDate "2018.10.10"]
[SourceQuality "1"]

1. c4 f5 2. d4 Nf6 3. Nf3 d6 4. Nc3 c6 5. Bf4 Qc7 6. Qb3 Nbd7 7. Ng5 Nb6 8. c5 Nbd5 9. Nxd5 Nxd5 10. cxd6 exd6 11. Bd2 Be7 12. f3 h6 13. e4 Bxg5 14. Bxg5 hxg5 15. exd5 Qa5+ 16. Kf2 Qd2+ 17. Be2 Qxd4+ 18. Kf1 Qb6 19. Qc3 0-0 20. dxc6 bxc6 21. Rd1 d5 22. Rd4 Be6 23. Rb4 Qa5 24. Qb3 Qc5 25. g3 Rfe8 26. Qa4 Bf7 27. Rd4 Qc1+ 28. Rd1 Qxb2 29. Bd3 Re3 30. Bc2 Rc3 31. Bd3 Re8 32. Rg1 Re3 33. Rg2 Rxf3+ 34. Kg1 Qb6+ 35. Kh1 Rfxd3 36. Rb1 0-1

[Event "Benidorm FEDC op 20th"]
[Site "Benidorm"]
[Date "2018.06.14"]
[Round "5"]
[White "Ampudia Asensio, Jose Luis"]
[Black "Martinez Colomar, Alejandro"]
[Result "1/2-1/2"]
[WhiteElo "1674"]
[BlackElo "1863"]
[PlyCount "114"]
[EventDate "2018.06.10"]
[EventType "swiss"]
[EventRounds "7"]
[EventCountry "ESP"]
[SourceTitle "CBM 184 Extra"]
[Source "ChessBase"]
[SourceDate "2018.06.28"]
[SourceVersion "1"]
[SourceVersionDate "2018.06.28"]
[SourceQuality "1"]

1. d4 Nf6 2. Nf3 g6 3. Bf4 Bg7 4. e3 0-0 5. Be2 b6 6. h3 Bb7 7. 0-0 d6 8. c3 Nbd7 9. Nbd2 c5 10. Rc1 Ne4 11. a4 a6 12. Qb3 h6 13. Bd3 Nxd2 14. Nxd2 Kh7 15. Qc2 e5 16. Bg3 f5 17. Nc4 Qf6 18. dxe5 dxe5 19. Rfd1 Rad8 20. Rd2 f4 21. Bh2 Qc6 22. f3 Qf6 23. Rcd1 b5 24. axb5 axb5 25. Na5 Ba6 26. Bxg6+ Qxg6 27. Qxg6+ Kxg6 28. Rxd7 Rxd7 29. Rxd7 fxe3 30. Rd6+ Rf6 31. Bxe5 Rxd6 32. Bxd6 b4 33. c4 e2 34. Kf2 Bxb2 35. Bxc5 Bc3 36. Kxe2 b3 37. Nxb3 Bxc4+ 38. Ke3 Bxb3 39. Kd3 Bf6 40. Bd6 Ba4 41. Ke3 Bb5 42. Kf2 Bd4+ 43. Kg3 Bf1 44. Bf4 h5 45. h4 Kf5 46. Bg5 Bc4 47. Bd8 Bd5 48. Bg5 Be5+ 49. Kf2 Bd4+ 50. Kg3 Bc3 51. Kf2 Ba5 52. Kg3 Be1+ 53. Kh3 Bc4 54. Kh2 Bf2 55. Bd8 Bf1 56. Bg5 Ke5 57. Bd8 Kf5 1/2-1/2

[Event "Ibiza-ch"]
[Site "Ibiza"]
[Date "2017.11.25"]
[Round "6"]
[White "Cabrera Cabrera, Nelson"]
[Black "Martinez Colomar, Alejandro"]
[Result "0-1"]
[WhiteElo "1481"]
[BlackElo "1878"]
[PlyCount "80"]
[EventDate "2017.11.04"]
[EventType "swiss"]
[EventRounds "7"]
[EventCountry "ESP"]
[SourceTitle "EXT 2024"]
[Source "ChessBase"]
[SourceDate "2023.10.10"]
[SourceVersion "1"]
[SourceVersionDate "2023.10.10"]
[SourceQuality "1"]

1. d4 Nf6 2. Bf4 g6 3. e3 Bg7 4. h3 d6 5. c4 c5 6. Nf3 0-0 7. Nc3 cxd4 8. exd4 Nbd7 9. Be2 Re8 10. 0-0 b6 11. Re1 Bb7 12. Bh2 Rc8 13. Rc1 Bxf3 14. gxf3 Nb8 15. Ne4 Qd7 16. Bf1 Nc6 17. d5 Na5 18. b3 Nb7 19. b4 a5 20. a3 Nxe4 21. fxe4 Bb2 22. Bf4 Bxa3 23. bxa5 bxa5 24. Qb3 Bxc1 25. Bxc1 Nc5 26. Qg3 Rb8 27. Bh6 Rb3 28. f3 Qa4 29. e5 dxe5 30. Qxe5 f6 31. Qd4 Nd7 32. Qe4 Ne5 33. Bg2 Qxc4 34. Qxc4 Nxc4 35. f4 Nd6 36. h4 Rb6 37. Bh3 Nf5 38. Bxf5 gxf5 39. Kh1 Kf7 40. Rg1 Rg8 0-1

[Event "Ibiza-ch"]
[Site "Ibiza"]
[Date "2017.11.04"]
[Round "1"]
[White "Gil Kramer, Aram Miles"]
[Black "Martinez Colomar, Alejandro"]
[Result "0-1"]
[WhiteElo "1288"]
[BlackElo "1878"]
[PlyCount "44"]
[EventDate "2017.11.04"]
[EventType "swiss"]
[EventRounds "7"]
[EventCountry "ESP"]
[SourceTitle "EXT 2024"]
[Source "ChessBase"]
[SourceDate "2023.10.10"]
[SourceVersion "1"]
[SourceVersionDate "2023.10.10"]
[SourceQuality "1"]

1. e4 c5 2. Nf3 d6 3. d4 cxd4 4. Nxd4 Nf6 5. Nc3 g6 6. Be3 Bg7 7. f3 0-0 8. Qd2 Nc6 9. Bc4 Bd7 10. 0-0-0 Rc8 11. h4 Nxd4 12. Bxf7+ Rxf7 13. Bxd4 Qa5 14. g4 b5 15. a3 Rc4 16. h5 Nxe4 17. Nxe4 Qxd2+ 18. Rxd2 Rxd4 19. Rxd4 Bxd4 20. hxg6 hxg6 21. Ng5 Be3+ 22. Kd1 Bxg5 0-1

[Event "Almunecar FEDC op 19th"]
[Site "Almunecar"]
[Date "2017.10.06"]
[Round "7.2"]
[White "Megias Gonzalez, Javier"]
[Black "Martinez Colomar, Alejandro"]
[Result "0-1"]
[WhiteElo "1828"]
[BlackElo "1856"]
[PlyCount "52"]
[EventDate "2017.09.30"]
[EventType "swiss"]
[EventRounds "7"]
[EventCountry "ESP"]
[SourceTitle "EXT 2024"]
[Source "ChessBase"]
[SourceDate "2023.10.10"]
[SourceVersion "1"]
[SourceVersionDate "2023.10.10"]
[SourceQuality "1"]

1. e4 c5 2. Nf3 d6 3. d4 cxd4 4. Nxd4 Nf6 5. Nc3 g6 6. Be2 Bg7 7. Nb3 0-0 8. g4 h6 9. h4 Nfd7 10. Nd5 Nb6 11. Ne3 Nc6 12. c3 Bd7 13. f4 Qc7 14. Nd5 Nxd5 15. exd5 Na5 16. Nxa5 Qxa5 17. Qd3 Rac8 18. Bd2 Qb6 19. 0-0-0 a5 20. h5 a4 21. hxg6 a3 22. b4 Qxb4 23. Rdg1 Qb2+ 24. Kd1 Qa1+ 25. Bc1 Rxc3 26. gxf7+ Rxf7 0-1

[Event "Madrid FEDC-ch 25th"]
[Site "Madrid"]
[Date "2016.11.10"]
[Round "5"]
[White "Miramon Borragan, Gustavo"]
[Black "Martinez Colomar, Alejandro"]
[Result "0-1"]
[WhiteElo "1576"]
[BlackElo "1835"]
[PlyCount "56"]
[EventDate "2016.11.06"]
[EventType "swiss"]
[EventRounds "8"]
[EventCountry "ESP"]
[SourceTitle "CBM 175 Extra"]
[Source "ChessBase"]
[SourceDate "2016.12.12"]
[SourceVersion "1"]
[SourceVersionDate "2016.12.12"]
[SourceQuality "1"]

1. e4 c5 2. Nf3 d6 3. d4 cxd4 4. Nxd4 Nf6 5. Nc3 g6 6. Bg5 Bg7 7. a3 0-0 8. f4 Nc6 9. Nf3 Qb6 10. Qc1 Bd7 11. Bd3 Rac8 12. Bh4 a6 13. Bf2 Qd8 14. h3 b5 15. g4 Na5 16. g5 Nh5 17. Nd5 Nb3 18. Qb1 Nxa1 19. Bb6 Nxc2+ 20. Bxc2 Qe8 21. Bf2 Be6 22. f5 Bxd5 23. exd5 Qd8 24. 0-0 Nf4 25. fxg6 fxg6 26. Nd4 Bxd4 27. Bxd4 Ne2+ 28. Kg2 Rxf1 0-1

[Event "Ibiza-chT 38th"]
[Site "Ibiza"]
[Date "2016.03.13"]
[Round "1.2"]
[White "Martinez Colomar, Alejandro"]
[Black "Tur Ferrer, Vicente"]
[Result "1-0"]
[WhiteElo "1835"]
[BlackElo "1851"]
[PlyCount "59"]
[EventDate "2016.03.13"]
[EventType "team-tourn"]
[EventRounds "5"]
[EventCountry "ESP"]
[SourceTitle "EXT 2024"]
[Source "ChessBase"]
[SourceDate "2023.10.10"]
[SourceVersion "1"]
[SourceVersionDate "2023.10.10"]
[SourceQuality "1"]
[WhiteTeam "Pena Deportiva Santa Eulalia"]
[BlackTeam "Quatre Torres"]
[WhiteTeamCountry "ESP"]
[BlackTeamCountry "ESP"]

1. c4 c5 2. g3 Nc6 3. Bg2 g6 4. Nc3 Bg7 5. e4 d6 6. Nge2 Nf6 7. 0-0 0-0 8. d3 e5 9. f4 h6 10. f5 Nd4 11. Nxd4 cxd4 12. Nb5 a6 13. Na3 Rb8 14. g4 Nh7 15. Bd2 b5 16. cxb5 axb5 17. Nc2 g5 18. Kf2 Qb6 19. Nb4 Bb7 20. Rh1 d5 21. exd5 Nf6 22. Be4 Qd6 23. Qf3 Rfd8 24. h4 Bxd5 25. hxg5 Bxe4 26. dxe4 hxg5 27. a3 Nh7 28. Nd5 f6 29. Bb4 Qd7 30. Ne7+ 1-0

[Event "FEDC Cup Div/1 16th"]
[Site "Cambrils"]
[Date "2015.11.23"]
[Round "2.2"]
[White "Martinez Colomar, Alejandro"]
[Black "Draghici Flutur, Gavril"]
[Result "0-1"]
[WhiteElo "1874"]
[BlackElo "2142"]
[PlyCount "56"]
[EventDate "2015.11.22"]
[EventType "team-tourn"]
[EventRounds "7"]
[EventCountry "ESP"]
[SourceTitle "CBM 169 Extra"]
[Source "ChessBase"]
[SourceDate "2015.12.18"]
[SourceVersion "1"]
[SourceVersionDate "2015.12.18"]
[SourceQuality "1"]
[WhiteTeam "Castilla y Leon"]
[BlackTeam "Tarragona"]
[WhiteTeamCountry "ESP"]
[BlackTeamCountry "ESP"]

1. c4 e5 2. Nc3 Nf6 3. g3 d5 4. cxd5 Nxd5 5. Bg2 Nb6 6. Nf3 Nc6 7. 0-0 Be7 8. d3 g5 9. Qd2 g4 10. Ne1 h5 11. Qe3 Qd6 12. Nb5 Qd7 13. Bxc6 bxc6 14. Qxe5 f6 15. Nxc7+ Kd8 16. Qe4 Kxc7 17. Bf4+ Bd6 18. Ng2 Bb7 19. Qd4 Bxf4 20. Qxf4+ Qd6 21. Qf5 Qe5 22. Qxe5+ fxe5 23. Ne3 Rag8 24. Rac1 Rh7 25. Rc5 Nd7 26. Ra5 a6 27. Nf5 Rf8 28. Nh4 Rf6 0-1

[Event "IBCA EU-ch blind 06th"]
[Site "Lyon"]
[Date "2015.08.02"]
[Round "9"]
[White "Schmeisser, Andre"]
[Black "Martinez Colomar, Alejandro"]
[Result "1/2-1/2"]
[WhiteElo "1740"]
[BlackElo "1853"]
[PlyCount "27"]
[EventDate "2015.07.25"]
[EventType "swiss"]
[EventRounds "9"]
[EventCountry "FRA"]
[SourceTitle "CBM 167 Extra"]
[Source "ChessBase"]
[SourceDate "2015.09.14"]
[SourceVersion "1"]
[SourceVersionDate "2015.09.14"]
[SourceQuality "1"]

1. e4 c5 2. Nf3 d6 3. d4 cxd4 4. Nxd4 Nf6 5. f3 g6 6. c4 Bg7 7. Nc3 0-0 8. Be3 Nc6 9. Be2 Qb6 10. Qd2 Nxd4 11. Bxd4 Qa5 12. 0-0 Be6 13. Rfd1 Qc7 14. Nd5 1/2-1/2